000 00474nam a2200181Ia 4500
005 20250326123948.0
008 250326s9999 xx 000 0 und d
037 _aTextbook
040 _aFMSL
_beng
_cFMSL
041 _aeng
_2eng
084 _aV8 L3
_qFMSL
100 _aSchaffer B
_999361
245 0 _aAdministrative factor
_cSchaffer B
260 _aLondon
_bLondon, Frank Cass
_c1973
300 _a329p
942 _cTB
_hV8 L3
999 _c1271670
_d1271670